000
00206 a2200097 4500
001
30907
100
_a
Nadvi
245
_a
Purani Chirgh
260
_a
Karachi
_b
Majlis-i-Nashriyat
_c
090
_c
20802
_d
20802
942
_a
NUST-CAE
_c
M
_c
12006
999
_c
265980
_d
265980